[Event "52nd World Juniors 2013"]
[Site "Kocaeli TUR"]
[Date "2013.09.25"]
[Round "12.1"]
[White "Ter-Sahakyan, Samvel"]
[Black "Yu, Yangyi"]
[Result "0-1"]
[WhiteTitle "GM"]
[BlackTitle "GM"]
[WhiteElo "2575"]
[BlackElo "2662"]
[WhiteFideId "13302531"]
[BlackFideId "8603820"]
[EventDate "2013.09.13"]

1. e4 c5 2. Nf3 e6 3. d4 cxd4 4. Nxd4 a6 5. Bd3 Nf6 6. O-O d6 7. c4 b6 8. Nc3
Bb7 9. Qe2 Be7 10. b3 O-O 11. Bb2 Nbd7 12. Rad1 Qc7 13. Kh1 Rfe8 14. f4 Bf8 15.
Nf3 Rad8 16. Bb1 g6 17. Ng5 Bg7 18. Nh3 Nc5 19. Nf2 Qb8 20. b4 Ncd7 21. a3 Nh5
22. Ng4 Qc7 23. Rc1 Qb8 24. Na4 f6 25. Nc3 f5 26. Ne3 Ndf6 27. Qf2 fxe4 28. Rcd1
Rf8 29. Ne2 e5 30. fxe5 Ng4 31. Qg1 Nxe5 32. Nc3 Rxf1 33. Rxf1 Nd3 34. Bxd3 exd3
35. Ba1 Rf8 36. Ncd5 Bxd5 37. Nxd5 Rxf1 38. Qxf1 Qe8 39. Bxg7 Kxg7 40. Kg1 d2
41. Qa1+ Kg8 42. Kf2 Qe4 43. Ne3 Qh4+ 44. Kf3 Nf6 45. Ke2 Ne4 46. Qf1 b5 47. c5
dxc5 48. bxc5 Nxc5 49. Kxd2 Qd4+ 50. Ke2 Qd3+ 51. Kf3 Qxa3 52. Qd1 Qd3 53. Qc1
Qd4 54. Ng4 h5 55. Ne3 Kg7 56. Qa3 b4 57. Qa5 b3 58. Qc7+ Kh6 59. Qb6 Qe4+ 60.
Ke2 Qe5 61. h4 b2 62. Kf3 Qe4+ 0-1

[Event "52nd World Juniors 2013"]
[Site "Kocaeli TUR"]
[Date "2013.09.25"]
[Round "12.3"]
[White "Vidit, Santosh Gujrathi"]
[Black "Cori, Jorge"]
[Result "1-0"]
[WhiteTitle "GM"]
[BlackTitle "GM"]
[WhiteElo "2565"]
[BlackElo "2587"]
[WhiteFideId "5029465"]
[BlackFideId "3802272"]
[EventDate "2013.09.13"]

1. d4 Nf6 2. c4 g6 3. Nc3 d5 4. Nf3 Bg7 5. h4 h6 6. Bf4 c6 7. e3 O-O 8. Qb3 a5
9. cxd5 a4 10. Nxa4 Nxd5 11. Bxb8 Qa5+ 12. Nc3 Be6 13. Bc4 Rfxb8 14. O-O b5 15.
Bxd5 cxd5 16. Nxd5 Qd8 17. e4 Ra4 18. Rfd1 Kh8 19. Rac1 Rc4 20. Rxc4 bxc4 21.
Qxc4 Rxb2 22. a4 Qd6 23. Qc5 Bxd5 24. exd5 Ra2 25. Qc4 Ra3 26. Re1 Bf6 27. Ne5
Kg7 28. g3 h5 29. Kg2 Qb6 30. Nc6 Qb2 31. Kg1 Ra2 32. Rf1 Qd2 33. a5 g5 34. hxg5
Bxg5 35. Qb3 Bf6 36. Qe3 Qc2 37. Nb4 1-0

[Event "52nd World Juniors 2013"]
[Site "Kocaeli TUR"]
[Date "2013.09.25"]
[Round "12.4"]
[White "Sethuraman, S.P."]
[Black "Kovalev, Vladislav"]
[Result "1-0"]
[WhiteTitle "GM"]
[BlackTitle "IM"]
[WhiteElo "2553"]
[BlackElo "2568"]
[WhiteFideId "5021596"]
[BlackFideId "13504398"]
[EventDate "2013.09.13"]

1. d4 Nf6 2. c4 g6 3. Nc3 Bg7 4. e4 d6 5. f3 O-O 6. Be3 c5 7. Nge2 Nc6 8. d5 Ne5
9. Ng3 e6 10. Be2 exd5 11. cxd5 a6 12. a4 Bd7 13. O-O b5 14. h3 Re8 15. Qc1 c4
16. Bg5 b4 17. Nd1 Rc8 18. Nf2 h5 19. Qf4 Nxd5 20. exd5 f6 21. Bh4 g5 22. Qd2
Ng6 23. Nxh5 Nxh4 24. Ne4 f5 25. Nxg7 Kxg7 26. Qd4+ Kg6 27. Ng3 Qf6 28. Qb6 Qe5
29. Kh2 Qf4 30. Rae1 c3 31. Bxa6 Rxe1 32. Rxe1 Re8 33. Rxe8 Bxe8 34. bxc3 bxc3
35. Bd3 Bf7 36. Qd8 Bxd5 37. Qe7 Bf7 38. a5 c2 39. Bxc2 Qd2 40. Bxf5+ Nxf5 41.
Nxf5 Qf4+ 42. Ng3 Bc4 43. Qb7 Be6 44. a6 Bxh3 45. Qe4+ 1-0

[Event "52nd World Juniors 2013"]
[Site "Kocaeli TUR"]
[Date "2013.09.25"]
[Round "12.5"]
[White "Grover, Sahaj"]
[Black "Indjic, Aleksandar"]
[Result "0-1"]
[WhiteTitle "GM"]
[BlackTitle "IM"]
[WhiteElo "2479"]
[BlackElo "2549"]
[WhiteFideId "5021103"]
[BlackFideId "911925"]
[EventDate "2013.09.13"]

1. d4 Nf6 2. c4 c5 3. d5 e6 4. Nc3 exd5 5. cxd5 d6 6. e4 g6 7. f3 a6 8. a4 Bg7
9. Nge2 Nbd7 10. Ng3 h5 11. Be2 Qe7 12. Be3 h4 13. Nf1 Ne5 14. h3 Rb8 15. Bg5
Rh5 16. Be3 g5 17. g4 hxg3 18. Nxg3 Rxh3 19. Rxh3 Bxh3 20. Qd2 g4 21. Nf5 Qf8
22. fxg4 Bxg4 23. Nxg7+ Qxg7 24. O-O-O Bxe2 25. Qxe2 Qg4 26. Qh2 Kd7 27. Bf4 Re8
28. Rf1 Nd3+ 29. Kb1 Nxe4 30. Nxe4 Rxe4 31. Bg3 Qg6 32. Bh4 Ne5 0-1

[Event "52nd World Juniors 2013"]
[Site "Kocaeli TUR"]
[Date "2013.09.25"]
[Round "12.6"]
[White "Dimitrov, Radoslav"]
[Black "Eliseev, Urii"]
[Result "1-0"]
[WhiteTitle "IM"]
[BlackTitle "IM"]
[WhiteElo "2437"]
[BlackElo "2550"]
[WhiteFideId "2908549"]
[BlackFideId "24131920"]
[EventDate "2013.09.13"]

1. e4 c5 2. Nc3 Nc6 3. f4 e6 4. Nf3 d5 5. Bb5 Ne7 6. exd5 Nxd5 7. O-O Be7 8. Ne5
Qc7 9. Qf3 O-O 10. Bxc6 bxc6 11. d3 Bf6 12. Ne4 Be7 13. Qf2 c4 14. dxc4 Nf6 15.
Nxf6+ gxf6 16. Nd3 Kh8 17. b3 c5 18. Bb2 Rg8 19. Qh4 Qd8 20. Rad1 Bb7 21. g3 Rg7
22. Ne5 fxe5 23. Rxd8+ Bxd8 24. Qh6 Kg8 25. Qh5 Rg6 26. Bxe5 f6 27. Bd6 f5 28.
Bxc5 Bc7 29. Rd1 Bc6 30. Bd6 Bb6+ 31. Kf1 Re8 32. Be5 Bc5 33. Qe2 Rh6 34. Bd4
Bf8 35. Be5 a5 36. Rd2 a4 37. Qd1 Kf7 1-0

[Event "52nd World Juniors 2013"]
[Site "Kocaeli TUR"]
[Date "2013.09.25"]
[Round "12.7"]
[White "Bai, Jinshi"]
[Black "Duda, Jan-Krzysztof"]
[Result "0-1"]
[BlackTitle "IM"]
[WhiteElo "2419"]
[BlackElo "2534"]
[WhiteFideId "8602280"]
[BlackFideId "1170546"]
[EventDate "2013.09.13"]

1. d4 Nf6 2. c4 e6 3. Nc3 d5 4. cxd5 exd5 5. Bg5 Be7 6. e3 Nbd7 7. Bd3 O-O 8.
Nge2 c6 9. Qc2 Re8 10. O-O Nf8 11. f3 Ng6 12. Rad1 Be6 13. h3 Qa5 14. Qa4 Qc7
15. f4 Bd7 16. Qc2 Rac8 17. Ng3 Kh8 18. Rf3 Ng8 19. Bxe7 Rxe7 20. f5 Nh4 21. Rf4
g5 22. fxg6 Nxg6 23. Rf3 Nh4 24. Rf4 Ng6 25. Bxg6 fxg6 26. Qf2 g5 27. Rf3 g4 28.
Rf4 gxh3 29. gxh3 Bxh3 30. Rh4 Rf8 31. Qh2 Bc8 32. e4 Rf3 33. Nh5 Qxh2+ 34. Kxh2
Rf2+ 35. Kg3 Rxb2 36. Nf4 Rg7+ 37. Kf3 Nf6 38. Rdh1 Rc2 39. Nce2 Rxa2 40. e5
Ra3+ 0-1

[Event "52nd World Juniors 2013"]
[Site "Kocaeli TUR"]
[Date "2013.09.25"]
[Round "12.9"]
[White "De Filomeno, Simone"]
[Black "Debashis, Das"]
[Result "0-1"]
[WhiteTitle "FM"]
[BlackTitle "IM"]
[WhiteElo "2392"]
[BlackElo "2489"]
[WhiteFideId "828688"]
[BlackFideId "5024854"]
[EventDate "2013.09.13"]

1. d4 Nf6 2. c4 e6 3. Nf3 d5 4. Nc3 Bb4 5. Qa4+ Nc6 6. e3 O-O 7. Bd2 dxc4 8.
Bxc4 Bd6 9. O-O e5 10. d5 Ne7 11. Qc2 a6 12. a4 h6 13. e4 Ng6 14. Rfc1 Nh5 15.
Be3 Nhf4 16. Bf1 f5 17. g3 Nh5 18. exf5 Bxf5 19. Bd3 Qd7 20. Ne4 Ngf4 21. gxf4
exf4 22. Bc5 Bh3 23. Ne1 Qg4+ 24. Kh1 f3 25. Bxd6 cxd6 26. Ng3 Rae8 27. Kg1 Nf4
28. Ra3 Bg2 29. Nxg2 Nh3+ 30. Kf1 fxg2+ 31. Kxg2 Rxf2+ 32. Qxf2 Nxf2 33. Bf5 Qd4
34. Be6+ Kh8 35. Rf3 Nd1 36. Kh3 Ne3 37. Rc7 Rxe6 38. Rf8+ Kh7 39. dxe6 Qg4# 0-1

[Event "52nd World Juniors 2013"]
[Site "Kocaeli TUR"]
[Date "2013.09.25"]
[Round "12.10"]
[White "Kanarek, Marcel"]
[Black "Nasanjargal, Urtnasan"]
[Result "0-1"]
[WhiteTitle "IM"]
[BlackTitle "FM"]
[WhiteElo "2483"]
[BlackElo "2323"]
[WhiteFideId "1126822"]
[BlackFideId "4900774"]
[EventDate "2013.09.13"]

1. d4 d5 2. c4 e6 3. Nc3 Nf6 4. Bg5 Be7 5. e3 h6 6. Bh4 O-O 7. cxd5 Nxd5 8. Bxe7
Qxe7 9. Nf3 b6 10. Rc1 Bb7 11. Nxd5 exd5 12. Bd3 c5 13. O-O c4 14. Bb1 Nd7 15.
Qc2 g6 16. h4 h5 17. Ng5 b5 18. Rfe1 a5 19. f3 Nf6 20. e4 dxe4 21. fxe4 Ng4 22.
e5 Rad8 23. Rcd1 Rd5 24. Qd2 Rfd8 25. Qf4 Nxe5 26. Bc2 f6 27. Ne4 Ng4 28. Nc5
Qf7 29. Nxb7 Qxb7 30. Be4 Kf7 31. Bxd5+ Qxd5 32. Qc7+ Rd7 33. Qc5 Qxc5 34. dxc5
Rc7 35. Rd5 Ne5 36. c6 b4 37. Rxa5 Rxc6 38. Re2 Rd6 39. Ra7+ Ke6 40. Kf2 Kf5 41.
g3 Nd3+ 42. Kf3 Rc6 43. Ra5+ Ne5+ 44. Kf2 c3 45. bxc3 bxc3 46. Rc2 Ke4 47. Ke2
Nf3 48. Kd1 Nd4 49. Rh2 Kf3 50. Ra3 Kxg3 51. Rd2 Kf3 52. Rh2 Kg3 53. Rd2 Nb5 54.
Rd3+ Kf4 55. Ra4+ Ke5 56. Kc2 g5 57. hxg5 fxg5 58. Ra5 Rc5 59. Kc1 Ke4 60. Rh3
Rf5 61. Ra4+ Nd4 62. Rxc3 g4 63. Kd2 Rd5 64. Re3+ Kf5 65. Ra8 Nf3+ 66. Ke2 Rd2+
67. Kf1 Kf4 68. Rxf3+ Kxf3 69. Ra3+ Kf4 70. Kg1 g3 71. Ra4+ Kf3 72. Ra3+ Kg4 73.
Rb3 Rxa2 74. Rb4+ Kh3 75. Rb1 h4 76. Rc1 Ra4 77. Rb1 Kg4 78. Rc1 h3 79. Kh1 Rb4
80. Ra1 Rd4 81. Rb1 Kf3 82. Rg1 Rd2 83. Rf1+ Ke2 0-1

[Event "52nd World Juniors 2013"]
[Site "Kocaeli TUR"]
[Date "2013.09.25"]
[Round "12.11"]
[White "Vakhidov, Jahongir"]
[Black "Narayanan, Srinath"]
[Result "1-0"]
[WhiteTitle "IM"]
[BlackTitle "IM"]
[WhiteElo "2385"]
[BlackElo "2483"]
[WhiteFideId "14201801"]
[BlackFideId "5018420"]
[EventDate "2013.09.13"]

1. Nf3 Nf6 2. g3 g6 3. Bg2 Bg7 4. c4 O-O 5. d4 d6 6. Nc3 Nbd7 7. O-O e5 8. e4
exd4 9. Nxd4 Re8 10. h3 Nc5 11. Re1 Bd7 12. Rb1 h6 13. Nb3 Na4 14. Bd2 Rb8 15.
Qc2 a6 16. Nd4 Nxc3 17. Bxc3 Qc8 18. Kh2 b5 19. cxb5 axb5 20. b3 c5 21. Ne2 d5
22. Bxf6 Bxf6 23. Nf4 d4 24. Rec1 Qa6 25. Qxc5 Qxa2 26. Ra1 Qxb3 27. e5 Be7 28.
Qxd4 Bf5 29. Nd5 Be6 30. Ra7 Bd8 31. Rc6 Bg5 32. h4 Bd8 33. Nf4 Be7 34. Nxe6
fxe6 35. Rxe6 1-0

[Event "52nd World Juniors 2013"]
[Site "Kocaeli TUR"]
[Date "2013.09.25"]
[Round "12.12"]
[White "Muhammad, Luthfi Ali"]
[Black "Ynojosa, Felix Jose"]
[Result "0-1"]
[WhiteTitle "CM"]
[BlackTitle "IM"]
[WhiteElo "2277"]
[BlackElo "2439"]
[WhiteFideId "7103743"]
[BlackFideId "3900258"]
[EventDate "2013.09.13"]

1. e4 c5 2. Nf3 Nc6 3. Bb5 e6 4. O-O Nge7 5. Nc3 a6 6. Bxc6 Nxc6 7. d4 cxd4 8.
Nxd4 Qc7 9. Re1 Bd6 10. Nxc6 bxc6 11. Qh5 Be5 12. f4 Bd4+ 13. Kh1 Rb8 14. Be3 c5
15. Rab1 O-O 16. Bxd4 cxd4 17. Ne2 Qxc2 18. Nxd4 Qf2 19. Nf3 Rxb2 20. Rxb2 Qxb2
21. Qh4 Qxa2 22. f5 Qb2 23. e5 exf5 24. Qg5 h6 25. Qg3 Bb7 26. Nh4 Be4 27. h3
Re8 28. Nf3 a5 29. Rd1 a4 30. Rd2 Qc1+ 31. Qe1 Qxe1+ 32. Nxe1 Rxe5 33. Rxd7 Ra5
34. Rd8+ Kh7 35. Rd2 a3 36. Ra2 Bd5 0-1

[Event "52nd World Juniors 2013"]
[Site "Kocaeli TUR"]
[Date "2013.09.25"]
[Round "12.13"]
[White "Petenyi, Tamas"]
[Black "Wang, Yiye"]
[Result "1/2-1/2"]
[WhiteTitle "IM"]
[WhiteElo "2468"]
[BlackElo "2258"]
[WhiteFideId "14909090"]
[BlackFideId "8606021"]
[EventDate "2013.09.13"]

1. e4 e6 2. d4 d5 3. Nd2 Nf6 4. e5 Nfd7 5. Bd3 c5 6. c3 Nc6 7. Ne2 cxd4 8. cxd4
f6 9. exf6 Nxf6 10. O-O Bd6 11. Nf3 Qc7 12. Bg5 O-O 13. Bh4 Nh5 14. Qc2 h6 15.
Bh7+ Kh8 16. Bg6 Rxf3 17. Bxh5 Rf5 18. Bg6 Rf8 19. Bg3 Bxg3 20. hxg3 Bd7 21.
Rad1 Rf6 22. Nf4 Qd6 23. Qd2 Raf8 24. Bc2 Be8 25. Rfe1 Ne7 26. Qe3 Bf7 27. Rd2
Qd8 28. Qa3 a6 29. Rde2 Qd7 30. Nd3 Bg8 31. Ba4 b5 32. Bc2 Nc6 33. Ne5 Nxe5 34.
dxe5 R6f7 35. Qxa6 Qa7 36. Qxa7 Rxa7 37. Bb3 Bh7 38. Rd1 Rc8 39. f3 Kg8 40. Kf2
Kf8 41. Rd4 Ke7 42. Red2 Rc5 43. g4 Kd7 44. g5 h5 45. Ke3 Bf5 46. a3 Kc6 47. Rf2
Rc1 48. Rdd2 Kc5 49. Rfe2 Rd7 50. Rd4 Ra7 51. Rdd2 Rd7 52. Rd4 Ra7 53. Rdd2 1/2-1/2

[Event "52nd World Juniors 2013"]
[Site "Kocaeli TUR"]
[Date "2013.09.25"]
[Round "12.14"]
[White "Buyukasik, Diyap"]
[Black "Salem, A.R. Saleh"]
[Result "0-1"]
[BlackTitle "GM"]
[WhiteElo "2046"]
[BlackElo "2570"]
[WhiteFideId "6319602"]
[BlackFideId "9301348"]
[EventDate "2013.09.13"]

1. Nf3 Nf6 2. c4 g6 3. Nc3 Bg7 4. d4 d5 5. cxd5 Nxd5 6. g3 Nb6 7. Bg2 Nc6 8. e3
O-O 9. O-O Re8 10. d5 Na5 11. Nd4 Bd7 12. e4 c6 13. dxc6 Nxc6 14. Nxc6 Bxc6 15.
Qe2 Qd4 16. Bf4 Qc4 17. Qe3 Rad8 18. Rfc1 Qb4 19. Rab1 e5 20. Bg5 f6 21. a3 Qf8
22. Bh4 g5 23. Bxg5 fxg5 24. Qxg5 Qf6 25. Qh5 Rd2 26. Rf1 Rf8 27. Bh3 Be8 28.
Qf5 Qd8 29. Qg4 Qd4 30. Ne2 Qc4 31. Nc3 Qc5 32. Nd1 Bd7 33. Qh5 Bxh3 34. Qxh3
Qc2 35. Ne3 Qxe4 36. Rbe1 Kh8 37. Rc1 Qf3 0-1

[Event "52nd World Juniors 2013"]
[Site "Kocaeli TUR"]
[Date "2013.09.25"]
[Round "12.15"]
[White "Dastan, Muhammed Batuhan"]
[Black "Laurusas, Tomas"]
[Result "1/2-1/2"]
[WhiteTitle "IM"]
[WhiteElo "2455"]
[BlackElo "2398"]
[WhiteFideId "6300014"]
[BlackFideId "12803731"]
[EventDate "2013.09.13"]

1. e4 c6 2. d4 d5 3. e5 Bf5 4. Nf3 e6 5. Be2 Nd7 6. O-O h6 7. Nbd2 Ne7 8. Nb3
Bh7 9. Bd2 Nc8 10. a4 Be7 11. a5 a6 12. Ne1 c5 13. Nxc5 Nxc5 14. dxc5 Bxc5 15.
Bd3 O-O 16. Qg4 Kh8 17. Bxh7 Kxh7 18. Nd3 Ba7 19. Ra3 Ne7 20. Nf4 Nf5 21. Nh5
Qh4 22. Qxh4 Nxh4 23. Rb3 Rab8 24. Bb4 Rfc8 25. Bd6 b5 26. Bxb8 Bxb8 27. Nf4
Bxe5 28. Nd3 Bf6 29. Nb4 Ra8 30. g4 Ng6 31. f4 Nf8 32. f5 Nd7 33. Rb1 Nc5 34.
Rf3 Ne4 35. Rd3 Nc5 36. Rf3 Nd7 37. Rb3 Nc5 38. Rf3 Ne4 39. Rd3 Nc5 40. Rf3 Ne4
41. Rd3 Be7 42. Nc6 Bc5+ 43. Kf1 Rc8 44. Ne5 exf5 45. gxf5 Bd6 46. Rxd5 Rxc2 47.
Re1 Nd2+ 48. Ke2 Bb4 49. Kd1 Rxb2 50. Re2 Nb1 51. Rxb2 Nc3+ 52. Kc2 Nxd5 53. Nc6
Bd6 54. Kd3 g6 55. Kd4 Ne7 56. Nxe7 Bxe7 57. fxg6+ fxg6 58. Kd5 Bd8 59. Ra2 h5 1/2-1/2

[Event "52nd World Juniors 2013"]
[Site "Kocaeli TUR"]
[Date "2013.09.25"]
[Round "12.16"]
[White "Fang, Yan"]
[Black "Firat, Burak"]
[Result "0-1"]
[BlackTitle "IM"]
[WhiteElo "2281"]
[BlackElo "2423"]
[WhiteFideId "8604746"]
[BlackFideId "6305881"]
[EventDate "2013.09.13"]

1. e4 e6 2. Qe2 c5 3. g3 Nc6 4. Bg2 Nf6 5. f4 d5 6. e5 Ng8 7. Nf3 Nh6 8. O-O Nf5
9. c3 h5 10. Na3 c4 11. Bh3 Bc5+ 12. Kh1 Nce7 13. b3 Bd7 14. bxc4 Qa5 15. Nc2
dxc4 16. Qxc4 h4 17. g4 Ng3+ 18. hxg3 hxg3 19. Qe2 Bf2 20. Rxf2 gxf2 21. Kh2 Nd5
22. Qxf2 Nxf4 23. Ng1 Qxe5 24. Qe3 Qg5 25. Ba3 Qxg4 26. Qg3 e5 27. Re1 O-O-O 28.
Ra1 0-1

[Event "52nd World Juniors 2013"]
[Site "Kocaeli TUR"]
[Date "2013.09.25"]
[Round "12.17"]
[White "Saiyn, Zhanat"]
[Black "Grandelius, Nils"]
[Result "1-0"]
[WhiteTitle "FM"]
[BlackTitle "GM"]
[WhiteElo "2337"]
[BlackElo "2576"]
[WhiteFideId "13703820"]
[BlackFideId "1710400"]
[EventDate "2013.09.13"]

1. d4 Nf6 2. c4 g6 3. Nc3 d5 4. cxd5 Nxd5 5. e4 Nxc3 6. bxc3 Bg7 7. Be3 c5 8.
Nf3 Qa5 9. Nd2 O-O 10. Nb3 Qc7 11. Nxc5 b6 12. Na4 Bd7 13. c4 Bxa4 14. Qxa4 Nc6
15. Rd1 Rfd8 16. d5 Bc3+ 17. Ke2 Ne5 18. Rc1 Bb2 19. Rc2 Ba1 20. f3 Nd7 21. Kf2
Nc5 22. Qa3 Qe5 23. Be2 Bd4 24. Rd2 Bxe3+ 25. Qxe3 Rac8 26. g3 Rc7 27. Re1 Rdc8
28. Bf1 Nb7 29. f4 Qh5 30. e5 Na5 31. d6 exd6 32. exd6 Rd7 33. Kg1 Qc5 34. Qxc5
Rxc5 35. Re7 Rd8 36. d7 Kf8 37. Rde2 Kg7 38. Bh3 Rc7 39. Be6 h5 40. Rxf7+ Kh6
41. h3 g5 42. Bf5 gxf4 43. Re6+ 1-0

[Event "52nd World Juniors 2013"]
[Site "Kocaeli TUR"]
[Date "2013.09.25"]
[Round "12.18"]
[White "Antal, Tibor Kende"]
[Black "Idani, Pouya"]
[Result "0-1"]
[WhiteTitle "FM"]
[BlackTitle "IM"]
[WhiteElo "2321"]
[BlackElo "2480"]
[WhiteFideId "738581"]
[BlackFideId "12510130"]
[EventDate "2013.09.13"]

1. e4 c5 2. Nf3 d6 3. d4 Nf6 4. Nc3 cxd4 5. Nxd4 a6 6. Bg5 Nbd7 7. Qe2 h6 8. Bh4
b5 9. O-O-O e6 10. f4 g5 11. fxg5 hxg5 12. Bxg5 Bb7 13. a3 Rc8 14. Qe1 Rxc3 15.
Qxc3 Nxe4 16. Bxd8 Bh6+ 17. Kb1 Nxc3+ 18. bxc3 Kxd8 19. c4 bxc4 20. Bxc4 Nc5 21.
Rhe1 Ne4 22. Kb2 a5 23. c3 Ke7 24. Bb5 Bg7 25. h3 Rh5 26. a4 Rc5 27. Re3 f5 28.
g4 f4 29. Rf3 Be5 30. h4 Nf6 31. g5 Ng4 32. Be2 Bxf3 33. Bxf3 Ne3 34. Rh1 Bh8
35. g6 Kf6 36. Rg1 Bg7 37. Kb3 e5 38. Nc2 Nf5 39. Rd1 Nxh4 40. Rxd6+ Kf5 41. Bd5
Nxg6 42. Be6+ Kg5 43. c4 Bf8 44. Rd5 f3 45. Rd1 Nf4 46. Rg1+ Kf6 47. Bg4 e4 48.
Re1 Rg5 49. Bd7 f2 50. Rf1 Bc5 51. Kc3 Rg1 52. Rxf2 Bxf2 0-1

[Event "52nd World Juniors 2013"]
[Site "Kocaeli TUR"]
[Date "2013.09.25"]
[Round "12.19"]
[White "Ratkovic, Milovan"]
[Black "Pavlidis, Antonios"]
[Result "0-1"]
[BlackTitle "IM"]
[WhiteElo "2302"]
[BlackElo "2471"]
[WhiteFideId "914525"]
[BlackFideId "4212312"]
[EventDate "2013.09.13"]

1. d4 Nf6 2. c4 g6 3. Nc3 d5 4. cxd5 Nxd5 5. Bd2 Nb6 6. Bg5 Bg7 7. e3 O-O 8. Be2
a5 9. Nf3 a4 10. O-O Nc6 11. Rc1 Be6 12. Nd2 f5 13. h4 Nb4 14. a3 N4d5 15. Nxd5
Nxd5 16. e4 fxe4 17. Nxe4 Nf4 18. Bxf4 Rxf4 19. Ng5 Bd5 20. Bc4 c6 21. Qe2 Rxh4
22. Bxd5+ Qxd5 23. Rc5 Qd6 24. Qc4+ e6 25. Qxe6+ Qxe6 26. Nxe6 Bxd4 27. Nxd4
Rxd4 28. Re5 Rad8 29. Re7 R8d7 30. Rfe1 Kf8 31. Rxd7 Rxd7 32. Re2 Re7 33. Rd2
Ke8 34. Rd4 b5 35. Rd6 Re1+ 36. Kh2 Re2 37. Rxc6 Rxf2 38. Rc7 Rxb2 39. Rxh7 Rb3
40. Rb7 Kd8 41. g4 Kc8 42. Rg7 Rxa3 43. Rxg6 Kb7 44. g5 Rd3 45. Rg7+ Kb6 46. Rg8
a3 47. g6 a2 48. Ra8 Rd6 49. g7 Rg6 50. Rxa2 Rxg7 0-1

[Event "52nd World Juniors 2013"]
[Site "Kocaeli TUR"]
[Date "2013.09.25"]
[Round "12.20"]
[White "Kulkarni, Rakesh"]
[Black "Iermito, Sebastian"]
[Result "1/2-1/2"]
[BlackTitle "IM"]
[WhiteElo "2283"]
[BlackElo "2462"]
[WhiteFideId "5037077"]
[BlackFideId "114286"]
[EventDate "2013.09.13"]

1. e4 c5 2. c3 d5 3. exd5 Qxd5 4. d4 Nf6 5. Nf3 Bg4 6. dxc5 Qxc5 7. Na3 a6 8.
Be3 Qc7 9. h3 Bf5 10. Qa4+ Nbd7 11. O-O-O e5 12. Bg5 O-O-O 13. Nc4 Be7 14. Be2
Rhe8 15. Rhe1 Be6 16. Kb1 Nc5 17. Qa5 Qxa5 18. Nxa5 Nd5 19. Bxe7 Rxe7 20. Bc4 f6
21. Kc1 b5 22. Bf1 Rc7 23. Nb3 Nb4 24. Rxd8+ Kxd8 25. Nxc5 Nxa2+ 26. Kb1 Rxc5
27. Nd2 Rc6 28. Be2 b4 29. c4 b3 30. Nxb3 Nb4 31. Na5 Rc7 32. b3 Kc8 33. Kb2 Bf5
34. Ra1 Rd7 35. Kc3 Nd3 36. f3 Nf4 37. Bf1 Bd3 38. Bxd3 Rxd3+ 39. Kb4 Kc7 40. c5
Rd4+ 41. Kc3 Nd5+ 42. Kc2 Ne3+ 43. Kc3 Nd5+ 44. Kc2 Nb4+ 45. Kc3 Nd3 46. Nc4
Nxc5 47. b4 Rd3+ 48. Kc2 Rd4 49. Kc3 Rd3+ 1/2-1/2

[Event "52nd World Juniors 2013"]
[Site "Kocaeli TUR"]
[Date "2013.09.25"]
[Round "12.21"]
[White "Javakhadze, Zurab"]
[Black "Dragomirescu, Robin-Alexandru"]
[Result "1-0"]
[WhiteTitle "IM"]
[BlackTitle "IM"]
[WhiteElo "2457"]
[BlackElo "2349"]
[WhiteFideId "13603647"]
[BlackFideId "1213849"]
[EventDate "2013.09.13"]

1. g3 Nf6 2. Bg2 g6 3. c4 Bg7 4. Nc3 d6 5. Nf3 O-O 6. O-O e5 7. d3 h6 8. Rb1 a5
9. a3 Re8 10. Nd2 c6 11. b4 axb4 12. axb4 Be6 13. Bb2 d5 14. e4 Na6 15. exd5
cxd5 16. Ba1 Bf8 17. cxd5 Nxd5 18. Nc4 Naxb4 19. Nxd5 Bxd5 20. Bxd5 Nxd5 21.
Rxb7 Rb8 22. Rxb8 Qxb8 23. Qf3 Nb4 24. Qe4 Qb5 25. Rb1 Qc5 26. Nxe5 Qc2 27. Re1
Nc6 28. Qd5 Nxe5 29. Rxe5 Qc1+ 30. Kg2 Rb8 31. Qd4 Qc6+ 32. Re4 f6 33. Qxf6 Qxf6
34. Bxf6 Kf7 35. Be5 Rb3 36. Rf4+ Kg8 37. d4 Rd3 38. h4 Be7 39. Rf3 Rd1 40. Rb3
Kf7 41. Rb7 Ke6 42. Rb6+ Kf5 43. h5 gxh5 44. Rxh6 1-0

[Event "52nd World Juniors 2013"]
[Site "Kocaeli TUR"]
[Date "2013.09.25"]
[Round "12.22"]
[White "Meribanov, Vitaly"]
[Black "Docena, Jerad"]
[Result "1-0"]
[WhiteTitle "FM"]
[WhiteElo "2433"]
[BlackElo "2227"]
[WhiteFideId "13504363"]
[BlackFideId "5208173"]
[EventDate "2013.09.13"]

1. e4 c5 2. Nf3 d6 3. d4 cxd4 4. Nxd4 Nf6 5. Nc3 Nc6 6. Bg5 e6 7. Qd2 a6 8.
O-O-O Bd7 9. f3 h6 10. Be3 b5 11. Kb1 Rc8 12. g4 Ne5 13. Bd3 Qa5 14. h4 b4 15.
Nce2 d5 16. g5 dxe4 17. fxe4 Nfg4 18. Nb3 Qc7 19. Ned4 Nxd3 20. cxd3 hxg5 21.
Bxg5 Bd6 22. Qg2 Ne5 23. Nf3 Nxf3 24. Qxf3 f6 25. Rc1 Qb6 26. Rxc8+ Bxc8 27. Rc1
Qd8 28. Be3 Bd7 29. h5 Bb5 30. d4 a5 31. Qg4 Bd3+ 32. Ka1 Qd7 33. Qg6+ Kd8 34.
d5 Qe7 35. Nd4 1-0

[Event "52nd World Juniors 2013"]
[Site "Kocaeli TUR"]
[Date "2013.09.25"]
[Round "12.23"]
[White "Sanal, Vahap"]
[Black "Gaehwiler, Gabriel"]
[Result "1/2-1/2"]
[WhiteTitle "IM"]
[WhiteElo "2419"]
[BlackElo "2287"]
[WhiteFideId "6300545"]
[BlackFideId "1314530"]
[EventDate "2013.09.13"]

1. e4 e5 2. Nf3 Nc6 3. Bb5 g6 4. c3 a6 5. Ba4 d6 6. d4 Bd7 7. d5 Nce7 8. c4 Nf6
9. Nc3 Bg7 10. O-O O-O 11. Bxd7 Qxd7 12. c5 c6 13. Bg5 Rad8 14. Qb3 cxd5 15.
exd5 dxc5 16. Rad1 Qf5 17. Rfe1 e4 18. Nxe4 Nexd5 19. Bxf6 Nxf6 20. Nd6 Qf4 21.
Nxb7 Rxd1 22. Rxd1 Rb8 23. Qb6 Qe4 24. Rd8+ Rxd8 25. Qxd8+ Bf8 26. h3 Qb1+ 27.
Kh2 Qxb2 28. Nxc5 Qxa2 29. Nd3 Qd5 30. Qxf6 Qxd3 31. g3 Qd6 32. Qc3 Qc5 33. Qd2
Qb4 34. Qa2 Qa3 35. Qd5 Qc5 36. Qa2 a5 37. h4 Be7 38. Kg2 Bf6 39. Qa4 Kg7 40.
Qd7 Qf5 41. Qc6 h5 42. Nd2 Bxh4 43. Ne4 Be7 44. Qb7 Qe6 45. Nc3 Bf6 46. Ne4 h4
47. Qa8 Bd4 48. gxh4 a4 49. Ng3 Qa2 50. Ne4 f5 51. Qd8 fxe4 52. Qxd4+ Kf7 53.
Qxe4 Qb3 54. Qf4+ 1/2-1/2